| 000 | 00563nam a2200205Ia 4500 | ||
|---|---|---|---|
| 999 |
_c63294 _d63294 |
||
| 003 | 0100 | ||
| 005 | 20170428115456.0 | ||
| 008 | 130303s9999 xx 000 0 und d | ||
| 040 | _cARRUPELIB | ||
| 050 | _aDT450.65.R86B957 | ||
| 100 |
_aBurgt, J.M.M. van der _930192 |
||
| 245 | _aUn grand peuple de l'Afrique Equatoriale | ||
| 245 | _belements d'une monograpgie sur L'Urundi et les Warundi | ||
| 260 |
_bBois-Le-Duc _aHollande _c1903 |
||
| 300 | _a198p. | ||
| 300 | _b 23 cm | ||
| 650 |
_bRundi (African people) _930193 |
||
| 942 |
_2lcc _01 _cMONOGRAPH |
||